| 000 | 00818nam a22002297a 4500 | ||
|---|---|---|---|
| 005 | 2010081404534.0 | ||
| 010 | _aENG-100359 | ||
| 020 |
_a8187134011 _c425.00 |
||
| 035 | _aEN-83891 | ||
| 037 | _bDBAD/PUB | ||
| 082 | _a536.7 | ||
| 100 |
_aGupta, A. B. _913462 |
||
| 245 |
_aThermal physics / _cA. B. Gupta |
||
| 260 |
_aKolkata _bBooks And Allied _c2010 |
||
| 270 |
_aNo. 1-E (1) "Shubham Plaza" (1st Floor) 83/1, Beliaghata Main Road _bKolkata _e700010 |
||
| 300 |
_averious pagings _c24cm (pbk) |
||
| 500 | _aIncludes index | ||
| 650 |
_aStatistic thermodynamics _913463 |
||
| 700 |
_aRoy, H. P. _913464 |
||
| 942 |
_2ddc _cEN _h536.7 _mGUP |
||
| 999 |
_c41938 _d41938 |
||